000 00371nam a2200133Ia 4500
008 210210b1960 xxu||||| |||| 00| 0 eng d
082 _a306.3 NEFC
100 _aNEF (John U).
245 _aCultural foundations of industrial civilization.
260 _aNew York.
_bHarper & Row, Publishers.,
_c1960
300 _axiv,163
690 _aEconomic Sociology
906 _a041831
999 _c91601
_d91601